000
00239 a2200097 4500
001
12728
100
_a
Hornby,A
245
_a
Oxford Advanced Learner Dictonary oof Current English
260
_a
_b
Oxford University
_c
090
_c
9728
_d
9728
942
_a
NUST-CAE
_c
M
_c
36631
999
_c
247801
_d
247801